000 00500nam a2200169Ia 4500
008 100917s9999 xx 000 0 und d
082 _b3527
100 _aआपटे ना. ह.
245 _aकुणी कुणाचे नव्हे
260 _b---
365 _b5
520 _aकादंबरी
630 _aकुणी कुणाचे नव्हे
650 _aकादंबरी
730 _aकुणी कुणाचे नव्हे
942 _cBOOK
999 _c608921
_d608918